Algebraic geometry : Sundance 1988 : proceedings of a Conference on Algebraic Geometry held July 18-23, 1988 with support from Brigham Young University and the National Science Foundation

Αποθηκεύτηκε σε:
Λεπτομέρειες βιβλιογραφικής εγγραφής
Συγγραφή απο Οργανισμό/Αρχή: Conference on Algebraic Geometry
Άλλοι συγγραφείς: Harbourne, Brian 1955- (Επιμελητής έκδοσης), Speiser, R. (Robert) (Επιμελητής έκδοσης)
Μορφή: Βιβλίο
Γλώσσα:English
Δημοσίευση: Providence, Rhode island : American Mathematical Society, c1991
Σειρά:Contemporary mathematics (American Mathematical Society) ; ; 116
Θέματα:
Ετικέτες: Προσθήκη ετικέτας
Δεν υπάρχουν, Καταχωρήστε ετικέτα πρώτοι!

MARC

LEADER 00000nam a2200000 i 4500
001 1/91516
008 991021s1991 eng d
020 |a 0821851241 
035 |l 10053630 
040 |a GR-MY-UA  |b gre  |e aacr 
041 0 |a eng 
082 0 |a 516.35 
110 2 |a Conference on Algebraic Geometry. 
245 1 0 |a Algebraic geometry :  |b Sundance 1988 : proceedings of a Conference on Algebraic Geometry held July 18-23, 1988 with support from Brigham Young University and the National Science Foundation /  |c Brian Harbourne, Robert Speiser, editors 
260 |a Providence, Rhode island :   |b American Mathematical Society,   |c c1991 
300 |a ix, 146 p.;  |c 26 cm. 
490 1 |a Contemporary mathematics  |v ; 116 
500 |a Includes bibliographical references 
650 0 0 |a Geometry, Algebraic  |x Congresses. 
700 1 |a Harbourne, Brian  |d 1955-  |4 edt 
700 1 |a Speiser, R.  |q (Robert)  |4 edt 
830 0 |a Contemporary mathematics (American Mathematical Society) ;  |v ; 116 
852 |a INST  |b SAMOS  |e 19991021  |h 516.35 CON  |p 005300012398  |q 005300012398  |t BK  |y 0 
901 |a BIBL3-1999-3 
909 |a Σ  |b 063386 
922 |a 3ΕΛΗ  |b 199907  |c ΕΠΕΑΕΚ/ΜΑΘ  |d ΠΑΠΑΣΩΤΗΡΙΟΥ 
970 |a ΓΕΝΟΥΖΟΥ  |b ΧΡΥΣΑΝΘΗ  |z 1999/10/21